| 000 | 00668nam a22001457a 4500 | ||
|---|---|---|---|
| 008 | 120620t xxu||||| |||| 00| 0 eng d | ||
| 020 | _a0072506512 | ||
| 050 | _aHN51.A7 | ||
| 100 | _aFinsterbusch, Kurt | ||
| 245 |
_aSocial problems. / _cKurt Finsterbusch |
||
| 260 |
_aU.S.A: _bMcGraw- Hill, _c2002. |
||
| 300 |
_axvi, 223 p.: _c25cm. |
||
| 505 | _aContents: Introduction: the nature of social problems and general critiques of American society -- Problems of the political economy -- Problems of poverty and inequality -- Institutional problems -- Crime, violence and law enforcement -- Problems of population, environment resources and the future. | ||
| 942 |
_2lcc _cBK |
||
| 999 |
_c1502 _d9002 |
||